logo

Bir Sreshtho Munshi Abdur Rouf Library
Jhenaidah Cadet College

Moppy's great adventure / (Record no. 7378)

MARC details
000 -LEADER
fixed length control field 00630nam a22002292i 4500
001 - CONTROL NUMBER
JCCL Control Number 7378
003 - CONTROL NUMBER IDENTIFIER
JCCL marc code BD - JhCC
005 - DATE AND TIME OF LATEST TRANSACTION
control field 20180208185414.0
008 - FIXED-LENGTH DATA ELEMENTS--GENERAL INFORMATION
fixed length control field 500101s1956 enkf j 000 1 eng d
035 ## - SYSTEM CONTROL NUMBER
system control number (BD - JhCC)7378
040 ## - CATALOGING SOURCE
Original cataloging agency COO
Transcribing agency COO
Modifying agency EQO
-- BD - JhCC
041 ## - LANGUAGE CODE
Language code of Book eng
082 ## - DEWEY DECIMAL CLASSIFICATION NUMBER
Author mark and Year PLA 1956
Classification number 823.914
090 ## - LOCALLY ASSIGNED LC-TYPE CALL NUMBER (OCLC); LOCAL CALL NUMBER (OCLC)
Classification number (OCLC) (R) ; Classification number, CALL (RLIN) (NR) PZ7.P71
Local cutter number (OCLC) ; Book number/undivided call number, CALL (RLIN) M8
100 1# - MAIN ENTRY--PERSONAL NAME
Personal name Plant, Jack.
245 10 - TITLE STATEMENT
Title Moppy's great adventure /
Statement of responsibility, etc Jack Plant ; illustrated by Geoffrey Whittam
260 ## - PUBLICATION, DISTRIBUTION, ETC. (IMPRINT)
Place of publication, distribution, etc London :
Name of publisher, distributor, etc Blackie,
Date of publication, distribution, etc 1956
300 ## - PHYSICAL DESCRIPTION
Pagination 206 p., [3] leaves of plates :
Other physical details ill. ;
Dimensions 19 cm
650 ## - SUBJECT ADDED ENTRY--TOPICAL TERM
Topical term or geographic name as entry element Adventure Stories
942 ## - ADDED ENTRY ELEMENTS (KOHA)
Source of classification or shelving scheme Dewey Decimal Classification
Koha item type Books
Holdings
Source of classification or shelving scheme Damaged status Not for loan Home library Current library Shelving location Total Checkouts Full call number Barcode Date last seen Copy number Koha item type
Dewey Decimal Classification     JCC Rouf Library JCC Rouf Library General Stacks   891.914 PLA 1956 9536 02/08/2018 C - 1 Books

JCC Library | Contacts | JCC Home

Last Update on 23 September 2017
Copyright @ 2017-2020 JCC Rouf Library
Rouf Library, Jhenidah Cadet College (JCC), Bangladesh